000 00881nam a2200265 a 4500
001 2066814
003 OSt
005 20230606140214.0
008 930929s1993 ke a b 000 0 eng
010 _a 93982309
020 _a9966469990
040 _aDLC
_cDLC
043 _af-ke---
082 0 0 _a370.9676209045
_bESH
100 1 _aEshiwani, George S.
245 1 0 _aEducation in Kenya :
_bsince independence /
_cGeorge S. Eshiwani.
260 _aNairobi :
_bEast African Educational Publishers,
_c1993.
300 _av, 229 p. :
_bill. ;
_c21 cm.
504 _aIncludes bibliographical references and index.
650 0 _aEducation
_zKenya
_xHistory
_y20th century.
651 0 _aKenya
_xHiIstory
_y1963-
906 _a7
_bcbc
_corignew
_d3
_encip
_f19
_gy-gencatlg
942 _2ddc
_cBK
999 _c675
_d675